|
|
|
|
| LEADER |
00000nam0a2200000 4500 |
| 001 |
345034 |
| 005 |
20231102005728.0 |
| 010 |
|
|
|a 9786012690804
|
| 035 |
|
|
|a (RuTPU)RU\TPU\book\376833
|
| 090 |
|
|
|a 345034
|
| 100 |
|
|
|a 20200708d2019 m y0rusy50 ca
|
| 101 |
0 |
|
|a rus
|
| 102 |
|
|
|a KZ
|
| 105 |
|
|
|a a j 001zy
|
| 200 |
1 |
|
|a Геология и минеральные ресурсы Казахстана
|e учебное пособие
|f В. В. Коробкин
|g Казахстанско-Британский технический университет
|
| 210 |
|
|
|a Алматы
|c Изд-во КБТУ
|d 2019
|
| 215 |
|
|
|a 238 с.
|c ил.
|
| 320 |
|
|
|a Библиогр.: с. 232-234
|
| 330 |
|
|
|a Учебное пособие "Геология и минеральные ресурсы Казахстана" составлено на основании типовой учебной программы курса для специальности 5В070600 -"Геология и разведка месторождений полезных ископаемых", предназначено для студентов-геологов Казахстанско-Британского технического университета, содержит необходимую информацию курса. Приведены краткие сведения о тектоническом районировании территории Казахстана и сопредельных областей. Дана подробная характеристика о геологическом строении (стратиграфия, магматизм, тектоника), минерально-сырьевых ресурсах и закономерностях размещения полезных ископаемых Казахстана. Дано описание основных видов минерального сырья, отображены их размеры, степень изученности и освоенности. Указаны границы нефтегазоносных, угольных, урановых, бокситоносных. железорудных, ванадиеносных. фосфоритоносных, титаноносных провинций, бассейнов, областей месторождений.
|
| 606 |
1 |
|
|a Геология
|y Казахстан
|2 stltpush
|3 (RuTPU)RU\TPU\subj\72113
|9 85700
|
| 610 |
1 |
|
|a учебные пособия
|
| 610 |
1 |
|
|a минеральные ресурсы
|
| 610 |
1 |
|
|a рельеф
|
| 610 |
1 |
|
|a гидрография
|
| 610 |
1 |
|
|a геолого-геофизическая изученность
|
| 610 |
1 |
|
|a тектоническое районирование
|
| 610 |
1 |
|
|a стратиграфия
|
| 610 |
1 |
|
|a магматизм
|
| 610 |
1 |
|
|a интрузивные образования
|
| 610 |
1 |
|
|a вулкано-плутанические пояса
|
| 610 |
1 |
|
|a глубинные структуры
|
| 610 |
1 |
|
|a разломные структуры
|
| 610 |
1 |
|
|a горючие полезные ископаемые
|
| 610 |
1 |
|
|a каустобиолиты
|
| 610 |
1 |
|
|a металлические полезные ископаемые
|
| 610 |
1 |
|
|a неметаллические полезные ископаемые
|
| 610 |
1 |
|
|a минеральные воды
|
| 610 |
1 |
|
|a месторождения полезных ископаемых
|
| 610 |
1 |
|
|a генетические типы
|
| 610 |
1 |
|
|a экология
|
| 610 |
1 |
|
|a геологические карты
|
| 675 |
|
|
|a 55(574)(075.8)
|v 4
|
| 700 |
|
1 |
|a Коробкин
|b В. В.
|
| 712 |
0 |
2 |
|a Казахстанско-Британский технический университет
|c (Алматы)
|2 stltpush
|3 (RuTPU)RU\TPU\col\25620
|9 28522
|
| 801 |
|
1 |
|a RU
|b 63413507
|c 20200708
|
| 801 |
|
2 |
|a RU
|b 63413507
|c 20200910
|g RCR
|
| 942 |
|
|
|c BK
|